Datum a čas kvízu
33.5
Celkem bodů
Celkový počet nahraných bodů na tomto kvízu bez doplňovacích otázek.
3.
Pořadí na kvízu
Konečné umístění týmu na tomto kvízu.
Zaznamenané odpovědi
| # | Otázka | Odpověď | Body | Výsledky |
|---|---|---|---|---|
| 1. | ODS v pondělí představila svou... | 1C 2A 3D 4B | 1 | |
| 2. | Donald Trump daroval členům sv... | boty | 1 | |
| 3. | Tento muž bude reprezentovat Č... | Daniel Žižka | 1 | |
| 4. | Která společnost patřící do na... | Orlen Unipetrol | 1 | |
| 5. | V závěrečné fázi Ligy mistrů U... | Antonín Kinský; Tottenham (Hotspur FC) | 0.5 | |
| 6. | Nejrozšířenějším „národním spo... | D | 0 | |
| 7. | Za národní sport lze považovat... | národní házená (česká házená) | 1 | |
| 8. | Podle anglické Wikipedie exist... | o Kanadě | 1 | |
| 9. | U uzákoněných národních sportů... | polo; basketbal | 0.5 | |
| 10. | I medailové úspěchy z olympijs... | D | 0 |